Statistics for Class of 2027 Members of Our Lady of Good Counsel

Click here to take the quiz!

General Stats

  • This quiz has been taken 6 times
    (3 since last reset)
  • The average score is 200 of 307

Answer Stats

Class of 2027% Correct
Abby Gorogias
100%
Abigail Yared
100%
Abube Dumebi-Kachikwu
100%
Addison Clawson
100%
Addison Dickerson
100%
Adonias Ketema
100%
Adrianna Hernandez
100%
Aiden Brumsted
100%
Aiden Rolnick
100%
A.J. Greene
100%
Alexander Schaefer
100%
Alexandra Kissal
100%
Alexandra Lipscomb
100%
Alexandra O'Gwin
100%
Alex Nelson
100%
Alezandra Clements
100%
Alyssa Cabrera
100%
Alyssa Ryan
100%
Amanda Dow
100%
Amber Bettis
100%
Amelia Avila
100%
Andrew Gallagher
100%
Angelina Harper
100%
Anna Benzing
100%
Anna Bosco
100%
Anthony Carbajal
100%
Ariana Campos
100%
Ashlyn O'Grady
100%
Ashna Pradhan
100%
Aurelio Del Pino
100%
Austin Seager
100%
Ava Blackburn
100%
Avery Engel
100%
Aydia Polanco
100%
Barok Gebrmichael
100%
Bethel Fisseha
100%
Braelyn Bynum
100%
Brooke Bosco
100%
Bryson Wilson
100%
Callie Walsh
100%
Camiele Days
100%
Camille Shafer
100%
Carlos Alfaro
100%
Carter Sotoye
100%
Casey Davidson
100%
Catherine Manolakos
100%
Charles Silverman
100%
Chaselyn Sowards
100%
Chase Spahr
100%
Christian Press
100%
Christopher Caicedo-Borja
100%
Christopher Castro
100%
Christopher Mercado
100%
Claire Zito
100%
Clara Bossle
100%
Clare Hansen
100%
Clare Westlake
100%
Colin Shaivitz
100%
Connor O'Neil
100%
Connor Ryan
100%
Conor Son
100%
Cristian Guirola
100%
Deven Eapen
100%
Dillan Soni
100%
Drew Bezak
100%
Eddie Graves
100%
Elisabeth Harlor
100%
Ella Banegura
100%
Ella Mitchell
100%
Elle Seifert
100%
Emily Lill
100%
Emily Montalvo
100%
Emily Nelson
100%
Emmalee Ernest
100%
Ethan Barr
100%
Eyasu Ermias
100%
Felipe Behr
100%
Felipe Vasconcellos
100%
Finola O'Connell
100%
Frank Test
100%
Gabriella Giron
100%
Garrett Bragg
100%
Gemma Barish
100%
George Hoag
100%
George Sardelis
100%
Gianna Pietras
100%
Giselle Falcon
100%
Grace Mueller
100%
Gray Vartan
100%
Gregory Van Newkirk
100%
Hayden Coursey
100%
Heidi Baum
100%
Hollin Warner
100%
Hudson Laraway
100%
Inuli Tilakaratne
100%
Isla Miller
100%
Izzy Tchoubfong
100%
Jace Gillette
100%
Jack Zenkewicz
100%
Jada Nowlin
100%
Jade Carter
100%
Jaden Selman
100%
Jason Cobb
100%
Jayden Spence
100%
Jennifer Garippa
100%
Jeremiah Lewis-Strong
100%
Jesse Norbeck
100%
Jessica Jackson
100%
Jocelyn Fullenkamp
100%
John Bancroft
100%
John Daskalakis
100%
Jordan Spence
100%
Josie Kemp
100%
Jude Batluck
100%
Justin Jensen
100%
Karen Slattery
100%
Kate Falchek
100%
Kate Krimigis
100%
Katerina Patrikis
100%
Kayla Selman
100%
Kiptoo Soi
100%
Landon Morales
100%
Laureen Clarisse Chua
100%
Leilani Boswell
100%
Liam Sonner
100%
Liesl Polich
100%
Lillie Bakey
100%
Liz Saracuza
100%
London Ferebee
100%
Louis Jones
100%
Luca Alexandrou
100%
Ludmilla Salomon
100%
Luke Emad
100%
Luke Krouse
100%
Mackenzie Garrison
100%
Mack Leary
100%
Maddie Inman
100%
Madison Lynch
100%
Madyson Butcher
100%
Maggie Ferguson
100%
Marciana Frye
100%
Mason Maher
100%
Matteo Frattini
100%
Maxey Evans
100%
Maya Jackson
100%
Meghan Johnson
100%
Michael Berarducci
100%
Michael Mercado
100%
Mickey Battista
100%
Mollie Alexander
100%
Molly Feldman
100%
Morgan Slattery
100%
Nala MacFarland
100%
Natalie deKowzan
100%
Nico Margiotta
100%
Nina Faustini
100%
Nydalynn Campos
100%
Ola Are
100%
Olivia Boutte
100%
Olivia Cooley
100%
Omeed Norouzi
100%
Osa Asuelimen
100%
Pablo Medina
100%
Panayotis Balaras
100%
Pandora Nah
100%
Patrick Oguejiofor
100%
Peyton Dieng
100%
Qiran Xie
100%
Rafa Kakembo
100%
Reese Dickerson
100%
Riley Fitzpatrick
100%
Robert Duvall
100%
Roman Drews
100%
Rudolph Magyar
100%
Ryan Noll
100%
Ryan Paden
100%
Sabine McCabe
100%
Sadie Dyer
100%
Sam Thompson
100%
Savannah Locke
100%
Sawyer Manning
100%
Seamus Seaman
100%
Sebastian Fiol
100%
Sebastian Paulus
100%
Seth Friedman
100%
Sio Riggio
100%
Sofia Castillo
100%
Sophia Harris
100%
Sophie Harnood
100%
Stavros Jackson
100%
Sungjin Kim
100%
Theodore Robelen
100%
Tomas Turcan
100%
Troy Evans
100%
Tyler Wilson
100%
Ty Milton
100%
Vanessa Scholl
100%
Vaughn Pearce
100%
Willem de Moor
100%
William Frazier
100%
Adelaide Rorick
0%
Adrian Patiag
0%
Aidan Stonesifer
0%
Alainah Malmstrom
0%
Alec Tworkowski
0%
Alejandra Godoy
0%
Alexander Webb
0%
Alianna Hines
0%
Amen Seleshi
0%
Ana Olivarri
0%
Andrea Guevara
0%
Andrew Mahoney
0%
Anna Cohen
0%
Annie Appiah
0%
Anthony Sweeney
0%
Anthony Tran
0%
Arielle Rivera
0%
Arnav Sudarsan
0%
Arthur Canfield
0%
Ava Laimon
0%
Bethel Yosef
0%
Bianca Sanchez
0%
Brendan Murphy
0%
Brian Pacheco
0%
Bryson Dickens
0%
Cameron DeMarco
0%
Candace Conerly
0%
Catalina Coots
0%
Cecilia Mansaray
0%
Christiane Robinson
0%
Chukwuemeka Okocha
0%
Connor Nolan
0%
Danilo Galindo
0%
Dejan Jovanovic
0%
Demi Storms
0%
Drew Lusby
0%
Dylan Gilp
0%
Egypt Moore
0%
Emma Reyes
0%
Evan Campbell
0%
Giulia Serra
0%
Grahm Minars
0%
Halina Niski
0%
Ivan Gagarin
0%
Jackson Rice
0%
Jaedon Williams
0%
Jaiden Lindsay
0%
James Pettiford
0%
Jamir Scales
0%
Javier Salinas
0%
Jay Kelsey
0%
Jordyn Giles-Holland
0%
Joseph Bishaw
0%
Josh Bohr
0%
Jude Buber
0%
Jules Burritt
0%
Juliana Salvado
0%
Kadijah Toure
0%
Kaylee Balow
0%
Kelila Onwulata
0%
Kennedy Coker
0%
Kingston Randolph
0%
Lainey White
0%
Layla Potur
0%
Layla Rueda
0%
Lia Grace Dolce
0%
London Gorman
0%
Madison Rogers
0%
Maleki Knutt
0%
Mario Lara
0%
Matthew Greene
0%
Matthew O'Neil
0%
Maximos Murshed
0%
Megan del Real
0%
Mia Maëlle Sanchez Castellanos
0%
Mila Jasinski
0%
Miles Kabwasa
0%
Natalie Lopez
0%
Nicholas Pettis-Cavasilios
0%
Noah Jones
0%
Nylah Young
0%
Nyla Lee
0%
Priscilla Nwagbo
0%
Rachel Turner
0%
Raquelle Barton
0%
Rhea Parcover
0%
Rinaldo Royster
0%
Sachin Ramdas
0%
Samuel Parkhurst
0%
Santiago Bundy-Garcia
0%
Sarah DeSantos
0%
Sarah Keefe
0%
Sonali Boyd
0%
Stella Delikat
0%
Sydney Boone
0%
Taner Potur
0%
Tatum Boyd
0%
Theresa Russo
0%
Thomas Mortensen
0%
Thomas Myers
0%
Thomas Straughan
0%
Vincent Burakiewicz
0%
Violet Thomas
0%
William Alnahhas
0%
Yiren Zhu
0%
Zakhari Jones
0%
Zen Armony
0%

Score Distribution

Percentile by Number Answered

Percent of People with Each Score

Your Score History

You have not taken this quiz since the last reset